| 000 | 00953nac a22002897a 4500 | ||
|---|---|---|---|
| 001 | BR8901877 | ||
| 003 | BR-BrBNA | ||
| 005 | 20240105120935.0 | ||
| 008 | 230509b bl.|||m| |||| 00| 0 por d | ||
| 040 |
_aBR-BrBNA _bpor _cBiblioteca Nacional de Agricultura |
||
| 072 | _aF06; F01 | ||
| 090 | _a0430 BR8901877 | ||
| 100 | 1 | _aSilva, M.J. da | |
| 100 | 1 | _aBeltrao, N.E. de M. | |
| 100 | 1 | _aSantos, E.O. dos | |
| 110 | 1 |
_aCentro Nacional de Pesquisa do Algodao, Campina Grande, PB (Brasil) _91702 |
|
| 245 | 1 | _aPerspectivas da irrigacao na cultura algodoeira do Nordeste Brasileiro | |
| 260 | 3 |
_aCampina Grande, PB (Brasil): _c1988. |
|
| 300 | _a28 p. | ||
| 490 |
_aDocumentos - Centro Nacional de Pesquisa do Algodao (Brazil) _vno. 35 _xISSN 0103-0205 |
||
| 500 | _a9 tables; 22 ref. | ||
| 650 | _aALGODAO | ||
| 650 | _aIRRIGACAO | ||
| 650 | _aREGIAO NORDESTE | ||
| 909 |
_a202312 _bLúcia Elande _c55 _dLúcia Elande |
||
| 942 |
_2AGRIS _n0 _cMS |
||
| 999 |
_c282320 _d282320 |
||